000 00488nam a2200181Ia 4500
003 GCL
008 140319s9999 xx 000 0 eng d
040 _aGCL /
_cGCL
082 0 4 _a297.822
_bD M
100 1 _aDAFTARY, FARHAD
245 1 0 _aMEDIAEVAL ISMAILI HISTORY AND THOUGHT /
_cDAFTARY, FARHAD
260 _a[S.N] :
_bCAMBRIDGE UNIVERSITY PRESS ،
_c1996
300 _a331 P
650 0 4 _aنجد
650 0 4 _aISLAM - HISTORY
650 0 4 _aISMAILITES - HISTORY
942 _2ddc
_cBK
999 _c13960
_d13960